| 000 | 01516nam a2200265Ia 4500 | ||
|---|---|---|---|
| 999 |
_c42026 _d42026 |
||
| 001 | 8716 | ||
| 003 | GE_BSU | ||
| 005 | 20240531164046.0 | ||
| 008 | 181216s1997||||ge |||||||||||||| ||geo|| | ||
| 040 | _cGE_BSU | ||
| 041 | _ageo | ||
| 080 | _a94(479.223) მ-58 | ||
| 100 |
_aმესხია, ერმილე _91724 |
||
| 245 |
_aსამხრეთ-დასავლეთ საქართველოს ისტორიიდან : _bსამუსლიმანო საქართველოს განმათავისუფლებელი კომიტეტი / [რედ.: ლევან თოიძე] _cერმილე მესხია ; [რედ. ლევან თოიძე]. |
||
| 264 |
_aბათუმი : _bგამ–ბა აჭარა, _c1997. |
||
| 300 |
_a125 გვ. ; _c20 სმ. |
||
| 504 | _aბიბლიოგრაფია : გვ. 110-118 | ||
| 520 | _aრეზიუმე რუსულ ენაზე | ||
| 541 | _h19ლ. | ||
| 653 | _aსამხრეთ–დასავლეთ საქართველოს ისტორიიდან | ||
| 653 | _aაჭარის ისტორია | ||
| 653 | _a ეროვნულ-განმათავისუფლებელი მოძრაობა სამხრეთ-დასავლეთ საქართველოში | ||
| 700 |
_aთოიძე, ლევან _eრედაქტორი _91561 |
||
| 942 |
_cBK _2udc |
||